| 000 | 01043nam a22002177a 4500 | ||
|---|---|---|---|
| 999 |
_c62791 _d62791 |
||
| 003 | Ge_BSU | ||
| 005 | 20250214171402.0 | ||
| 008 | 250214s2025 ge ||||| |||| 00| 0 geo d | ||
| 020 | _a9789941509636 | ||
| 041 | _ageo | ||
| 080 | _a94(479.22) ო-87 | ||
| 100 |
_aოქროპირიძე, უჩა _924374 |
||
| 245 |
_a"...კეთილგვაროვანი ოქროპირიძენი" / _cუჩა ოქროპირიძე; რედ. ა. სონღულაშვილი, ბ. დიასამიძე. |
||
| 264 |
_aთბილისი, _c2025. |
||
| 300 |
_a500 გვ.: _bილ.; _c25 სმ. |
||
| 504 | _aბიბლიოგრ. გვ.494-498 | ||
| 653 | _aოქროპირიძეთა გვარის ფორმირება–წარმოშობა | ||
| 700 |
_aსონღულაშვილი, ა. _eრედაქტორი _924375 |
||
| 700 |
_aდიასამიძე, ბ. _eრედაქტორი _914024 |
||
| 942 |
_2udc _cᲬᲘᲒᲜᲘ |
||